000 01320 a2200253 4500
003 Nust
005 20221202122454.0
010 _a 87034062
020 _a047181976X
040 _cNust
082 0 0 _a621.38153,LEE
100 1 _aLee, Reuben,
_941718
245 1 0 _aElectronic transformers and circuits /
_cReuben Lee, Leo Wilson, Charles E. Carter.
250 _a3rd ed.
260 _aNew York :
_bWiley,
_cc1988.
300 _axxiii, 408 p. :
_bill. ;
_c24 cm.
505 _aIntroduction (Page-1), Transformer Construction Material and Ratings (Page-20), Rectifier Transformers and Inductors (Page-56), Rectifier Performance (Page-104), Amplifiers Transformers (Page-131), Amplifiers Circuits (Page-171), Higher Frequency Transformers (Page-205), Saturable Magnetic Circuits (Page-231), High Voltage (Page-263), Pulse and Video Transformers (Page-286), Pulse Circuits (Page-321), Inverter Transformers (Page-337), Inverter Circuits (Page-360), Other Magnetic Devices (Page-380).
650 0 _aTelecommunication Engineering
700 1 _aCarter, Charles E.
_9104010
700 1 _aWilson, Leo.
_9104011
856 4 2 _3Publisher description
_uhttp://www.loc.gov/catdir/description/wiley033/87034062.html
856 4 2 _3Table of Contents
_uhttp://www.loc.gov/catdir/toc/onix03/87034062.html
942 _2ddc
_cBK
999 _c182380
_d182380